|
|
|
|
| LEADER |
00000nam0a2200000 4500 |
| 001 |
283462 |
| 005 |
20231215155157.0 |
| 035 |
|
|
|a (RuTPU)RU\TPU\book\307538
|
| 090 |
|
|
|a 283462
|
| 100 |
|
|
|a 20150206d1984 m y0rusy5003 ca
|
| 101 |
0 |
|
|a rus
|
| 102 |
|
|
|a RU
|
| 105 |
|
|
|a y z 001zy
|
| 200 |
1 |
|
|a Экономические расчеты в курсовых и дипломных проектах
|e учебное пособие
|f Ю. П. Панибратов, Н. И. Барановская, М. Д. Костюк
|
| 210 |
|
|
|a Москва
|c Высшая школа
|d 1984
|
| 215 |
|
|
|a 176 с.
|
| 320 |
|
|
|a Библиогр.: с. 172
|
| 606 |
1 |
|
|a Строительные проекты
|x Экономичность
|2 stltpush
|3 (RuTPU)RU\TPU\subj\57733
|9 75591
|
| 610 |
1 |
|
|a курсовые проекты
|
| 610 |
1 |
|
|a дипломные проекты
|
| 610 |
1 |
|
|a сметные расчеты
|
| 610 |
1 |
|
|a строительные материалы
|
| 610 |
1 |
|
|a сметная стоимость
|
| 610 |
1 |
|
|a заработная плата
|
| 610 |
1 |
|
|a расценки
|
| 610 |
1 |
|
|a проектные решения
|
| 610 |
1 |
|
|a новая техника
|
| 610 |
1 |
|
|a экономическая эффективность
|
| 675 |
|
|
|a 721.011.003(075.8)
|v 3
|
| 700 |
|
1 |
|a Панибратов
|b Ю. П.
|g Юрий Павлович
|
| 701 |
|
1 |
|a Барановская
|b Н. В.
|c геохимик
|c профессор Томского политехнического университета, доктор биологических наук
|f 1970-
|g Наталья Владимировна
|3 (RuTPU)RU\TPU\pers\26055
|9 11894
|
| 701 |
|
1 |
|a Костюк
|b М. Д.
|g Михаил Данилович
|
| 702 |
|
1 |
|a Панибратов
|b Ю. П.
|g Юрий Павлович
|4 340
|
| 801 |
|
0 |
|a RU
|b RuMRKP
|c 19950704
|g psbo
|
| 801 |
|
1 |
|a RU
|b 63413507
|c 20150206
|
| 801 |
|
2 |
|a RU
|b 63413507
|c 20180314
|g RCR
|
| 942 |
|
|
|c BK
|